[Event "Paulista-ch (Women)"]
[Site "Sao Paulo"]
[Date "2023.09.03"]
[Round "6"]
[White "Mendes, Ana Beatriz Dias Gu"]
[Black "Bucci, Andrea Vidigal"]
[Result "0-1"]
[WhiteElo "1483"]
[BlackElo "1693"]
[PlyCount "70"]
[EventDate "2023.09.01"]
[EventType "swiss"]
[EventRounds "6"]
[EventCountry "BRA"]
[SourceTitle "EXT 2024"]
[Source "ChessBase"]
[SourceDate "2023.10.10"]
[SourceVersion "1"]
[SourceVersionDate "2023.10.10"]
[SourceQuality "1"]

1. e4 e5 2. Nf3 d6 3. d4 Nd7 4. Nc3 c6 5. Bc4 Be7 6. Be3 Ngf6 7. h3 0-0 8. Qd2 b5 9. Bd3 a5 10. 0-0 Qc7 11. Ne2 exd4 12. Nexd4 Nc5 13. Bf4 Nfxe4 14. Bxe4 Nxe4 15. Qe3 f5 16. Qb3+ Kh8 17. Rad1 a4 18. Qe3 Qb7 19. Rfe1 d5 20. Ne5 c5 21. Ndc6 d4 22. Qf3 Rf6 23. Qh5 g6 24. Nxg6+ Rxg6 25. Nxe7 Qxe7 26. f3 Qg7 27. fxe4 Rxg2+ 28. Kh1 Bd7 29. Rg1 Rg8 30. Be5 Qxe5 31. Rxg2 Qxe4 32. Rdg1 Bc6 33. Qf7 Rxg2 34. Qf8+ Rg8+ 35. Kh2 Qe2+ 0-1

[Event "Florianopolis op 9th"]
[Site "Florianopolis"]
[Date "2023.01.24"]
[Round "2"]
[White "Mendes, Ana Beatriz Dias Gu"]
[Black "Baratieri, Maria Vitoria"]
[Result "1-0"]
[WhiteElo "1464"]
[BlackElo "1743"]
[PlyCount "65"]
[EventDate "2023.01.23"]
[EventType "swiss"]
[EventRounds "10"]
[EventCountry "BRA"]
[SourceTitle "CBM 212 Extra"]
[Source "ChessBase"]
[SourceDate "2023.03.31"]
[SourceVersion "1"]
[SourceVersionDate "2023.03.31"]
[SourceQuality "1"]

1. e4 c5 2. Nf3 d6 3. d4 cxd4 4. Nxd4 Nf6 5. Nc3 a6 6. Be2 e6 7. Be3 Be7 8. 0-0 0-0 9. f4 b5 10. Bf3 Bb7 11. e5 Bxf3 12. Qxf3 Nd5 13. Nxd5 exd5 14. Qxd5 Nd7 15. Nc6 Qe8 16. Rad1 Nb8 17. Nxe7+ Qxe7 18. Qxa8 dxe5 19. Qd5 exf4 20. Bc5 Qd8 21. Bxf8 Qxf8 22. Qd8 Nc6 23. Qxf8+ Kxf8 24. Rxf4 f6 25. Rd6 Ne5 26. Rxa6 Nc4 27. Rxc4 bxc4 28. a4 g5 29. a5 Ke8 30. Rxf6 Kd8 31. Rb6 Kc7 32. Rb4 Kc8 33. a6 1-0

[Event "BRA-ch U16 Girls"]
[Site "Florianopolis"]
[Date "2021.07.04"]
[Round "6"]
[White "Mendes, Ana Beatriz Dias Gu"]
[Black "Nobrega, Juliana Barbosa"]
[Result "1-0"]
[WhiteElo "1459"]
[BlackElo "1703"]
[PlyCount "51"]
[EventDate "2021.07.01"]
[EventType "swiss"]
[EventRounds "6"]
[EventCountry "BRA"]
[SourceTitle "CBM 203 Extra"]
[Source "ChessBase"]
[SourceDate "2021.09.30"]
[SourceVersion "1"]
[SourceVersionDate "2021.09.30"]
[SourceQuality "1"]

1. e4 e5 2. Nf3 Nc6 3. d4 exd4 4. Nxd4 Bc5 5. Be3 Qf6 6. c3 Nge7 7. Bc4 0-0 8. 0-0 Ne5 9. Be2 Rd8 10. f4 N5g6 11. e5 Qh4 12. Rf3 Nd5 13. Bf2 Qe7 14. Bg3 d6 15. exd6 Bxd6 16. Qf1 Bc5 17. Na3 Bxd4+ 18. cxd4 Bg4 19. Rf2 Qe3 20. Bxg4 Ndxf4 21. Bxf4 Nxf4 22. Nc2 Qe4 23. Rxf4 Qxc2 24. Rxf7 Rxd4 25. Rf8+ Rxf8 26. Be6+ 1-0

[Event "BRA-ch U16 Girls"]
[Site "Florianopolis"]
[Date "2021.07.03"]
[Round "4"]
[White "Mendes, Ana Beatriz Dias Gu"]
[Black "De Brito, Gabrielly Rodrigues"]
[Result "1-0"]
[WhiteElo "1459"]
[BlackElo "1232"]
[PlyCount "103"]
[EventDate "2021.07.01"]
[EventType "swiss"]
[EventRounds "6"]
[EventCountry "BRA"]
[SourceTitle "CBM 203 Extra"]
[Source "ChessBase"]
[SourceDate "2021.09.30"]
[SourceVersion "1"]
[SourceVersionDate "2021.09.30"]
[SourceQuality "1"]

1. e4 c5 2. Nf3 Nc6 3. d4 cxd4 4. Nxd4 Nf6 5. Nc3 g6 6. Be3 Bg7 7. Bc4 0-0 8. Bb3 Na5 9. f3 Nxb3 10. Nxb3 d6 11. Qd2 Be6 12. Nd4 Bd7 13. h4 h5 14. 0-0-0 Rc8 15. g4 Bxg4 16. fxg4 Nxg4 17. Bg5 Rc4 18. Ndb5 a6 19. Na3 Rc6 20. Nd5 f6 21. Bf4 Kh7 22. Nxe7 Qxe7 23. Bxd6 Rxd6 24. Qxd6 Qxd6 25. Rxd6 Nf2 26. Re1 Bh6+ 27. Kb1 Rf7 28. Nc4 b5 29. Nb6 Bf8 30. Rd7 Rxd7 31. Nxd7 Bg7 32. Nb8 a5 33. Nc6 a4 34. Nd4 b4 35. Nc6 a3 36. Nxb4 axb2 37. Re2 Nd1 38. Re1 Nf2 39. a4 Bf8 40. Nd5 Ng4 41. Kxb2 Bd6 42. a5 Be5+ 43. Kb3 Bb8 44. c4 Kg7 45. Kb4 Ne5 46. Kb5 g5 47. hxg5 fxg5 48. c5 h4 49. c6 Nxc6 50. Kxc6 Bg3 51. Rh1 Kf7 52. a6 1-0

[Event "BRA-ch U16 Girls"]
[Site "Florianopolis"]
[Date "2021.07.02"]
[Round "3"]
[White "De Oliveira, Ana Julia"]
[Black "Mendes, Ana Beatriz Dias Gu"]
[Result "1-0"]
[WhiteElo "1824"]
[BlackElo "1459"]
[PlyCount "97"]
[EventDate "2021.07.01"]
[EventType "swiss"]
[EventRounds "6"]
[EventCountry "BRA"]
[SourceTitle "CBM 203 Extra"]
[Source "ChessBase"]
[SourceDate "2021.09.30"]
[SourceVersion "1"]
[SourceVersionDate "2021.09.30"]
[SourceQuality "1"]

1. e4 e5 2. Nf3 Nc6 3. Bc4 Bc5 4. c3 Nf6 5. d3 h6 6. a4 a5 7. Nbd2 d6 8. 0-0 Be6 9. Bxe6 fxe6 10. Qb3 Qc8 11. Nc4 0-0 12. Be3 Ba7 13. Bxa7 Rxa7 14. Ne3 Nh5 15. d4 exd4 16. cxd4 Nf4 17. d5 Ne2+ 18. Kh1 Rxf3 19. dxc6 Rf7 20. Qd1 Nf4 21. cxb7 Qxb7 22. Qc2 Qb4 23. Rab1 Rb7 24. b3 Qd4 25. Rfd1 Qe5 26. f3 d5 27. Ng4 Qg5 28. exd5 exd5 29. Qd2 h5 30. Ne3 Re7 31. Nxd5 Qxd5 32. Qxf4 Rxb3 33. Rbc1 Rd3 34. Rxd3 Qxd3 35. h3 Qd7 36. Qg5 c6 37. Qxa5 Qe8 38. Qc3 Kh8 39. a5 c5 40. Qxc5 Re1+ 41. Rxe1 Qxe1+ 42. Kh2 h4 43. a6 Qg3+ 44. Kh1 Qe1+ 45. Qg1 Qa5 46. a7 Kg8 47. f4 g6 48. Qf2 Qd8 49. Qa2+ 1-0

[Event "BRA-ch U16 Girls"]
[Site "Florianopolis"]
[Date "2021.07.02"]
[Round "2"]
[White "Mendes, Ana Beatriz Dias Gu"]
[Black "Bokhonok, Tatiana dos Santos"]
[Result "1-0"]
[WhiteElo "1459"]
[BlackElo "1251"]
[PlyCount "115"]
[EventDate "2021.07.01"]
[EventType "swiss"]
[EventRounds "6"]
[EventCountry "BRA"]
[SourceTitle "CBM 203 Extra"]
[Source "ChessBase"]
[SourceDate "2021.09.30"]
[SourceVersion "1"]
[SourceVersionDate "2021.09.30"]
[SourceQuality "1"]

1. e4 e6 2. d4 d5 3. Nc3 dxe4 4. Nxe4 Bd7 5. Nf3 Bc6 6. Bd3 Nd7 7. c3 Ngf6 8. Nxf6+ Nxf6 9. 0-0 Be7 10. Ne5 Be4 11. Bxe4 Nxe4 12. Qf3 Nf6 13. Qxb7 0-0 14. Nc6 Qd6 15. Nxe7+ Qxe7 16. Bg5 Rfb8 17. Bxf6 Qxf6 18. Qxc7 Rxb2 19. Rab1 Rxb1 20. Rxb1 Qd8 21. Qxd8+ Rxd8 22. Rb7 Kf8 23. Rxa7 Rc8 24. Ra3 Rb8 25. Rb3 Ra8 26. a3 Ke7 27. Kf1 Ra4 28. Ke2 e5 29. dxe5 Ke6 30. Ke3 Kxe5 31. c4 Kd6 32. Kd4 Kc6 33. Rh3 h6 34. Rg3 g6 35. Rh3 h5 36. Rf3 Kd6 37. Rxf7 Rxa3 38. Rf6+ Ke7 39. Rxg6 Ra2 40. f3 Kf7 41. Rg5 h4 42. h3 Kf6 43. Rg4 Kf5 44. Kd5 Rd2+ 45. Kc6 Re2 46. c5 Re6+ 47. Kd7 Re5 48. Rxh4 Kg5 49. f4+ Kxh4 50. fxe5 Kg3 51. e6 Kxg2 52. e7 Kxh3 53. e8Q Kh2 54. Qg6 Kh3 55. c6 Kh4 56. c7 Kh3 57. c8R Kh4 58. Rh8# 1-0

[Event "Campos do Jordao op"]
[Site "Campos do Jordao"]
[Date "2020.11.08"]
[Round "4"]
[White "Patino, Adilia"]
[Black "Mendes, Ana Beatriz Dias Gu"]
[Result "1-0"]
[WhiteElo "1876"]
[BlackElo "1469"]
[PlyCount "109"]
[EventDate "2020.11.06"]
[EventType "swiss"]
[EventRounds "5"]
[EventCountry "BRA"]
[SourceTitle "CBM 199 Extra"]
[Source "ChessBase"]
[SourceDate "2021.01.31"]
[SourceVersion "1"]
[SourceVersionDate "2021.01.31"]
[SourceQuality "1"]

1. d4 d5 2. c4 e6 3. Nf3 Nf6 4. Nc3 Be7 5. e3 0-0 6. Be2 b6 7. cxd5 Nxd5 8. e4 Nxc3 9. bxc3 Bb7 10. Qc2 c5 11. 0-0 Nc6 12. Rd1 Qc7 13. Bb2 Rac8 14. Rac1 Rfd8 15. d5 exd5 16. exd5 Ne5 17. Nxe5 Qxe5 18. c4 Qf4 19. Rd3 Bd6 20. Rg3 Be5 21. Bd3 h6 22. Bxe5 Qxe5 23. Re3 Qg5 24. Rce1 b5 25. Qb2 g6 26. Qxb5 Rb8 27. Qxc5 a6 28. Qe7 Qh5 29. Qf6 Rf8 30. h3 Bc8 31. Qe5 Qxe5 32. Rxe5 Bd7 33. Re7 Ba4 34. Ra7 Rb2 35. Ree7 Kg7 36. Rxa6 Rd2 37. Bxg6 Rxa2 38. Bc2 Rxc2 39. Rxa4 Rb8 40. Re4 Rb1+ 41. Kh2 Rxf2 42. d6 Rd1 43. c5 Rdd2 44. Rg4+ Kf6 45. Rad4 Rxg2+ 46. Rxg2 Rxd4 47. Rc2 Ke6 48. Kg3 Ra4 49. Re2+ Kd7 50. Re7+ Kc6 51. Rc7+ Kb5 52. d7 Rd4 53. c6 f5 54. Rc8 f4+ 55. Kf3 1-0

[Event "Florianopolis op 6th"]
[Site "Florianopolis"]
[Date "2020.01.26"]
[Round "10"]
[White "Mendes, Ana Beatriz Dias Gu"]
[Black "Frattini, Beatriz Maria"]
[Result "0-1"]
[WhiteElo "1362"]
[BlackElo "1809"]
[PlyCount "77"]
[EventDate "2020.01.20"]
[EventType "swiss"]
[EventRounds "10"]
[EventCountry "BRA"]
[SourceTitle "CBM 194 Extra"]
[Source "ChessBase"]
[SourceDate "2020.03.31"]
[SourceVersion "1"]
[SourceVersionDate "2020.03.31"]
[SourceQuality "1"]

1. e4 c5 2. Nf3 e6 3. d4 cxd4 4. Nxd4 Nf6 5. Nc3 d6 6. Be2 a6 7. a4 Nbd7 8. f3 b6 9. Be3 Bb7 10. 0-0 Qc7 11. Qd2 Ne5 12. Rfd1 Nc4 13. Bxc4 Qxc4 14. Nb3 Qc7 15. Qf2 Nd7 16. Rd4 Nc5 17. Rd2 Rb8 18. Rad1 Be7 19. Qg3 0-0 20. Nxc5 bxc5 21. Bh6 Bf6 22. Rxd6 Kh8 23. Bf4 c4 24. Kh1 Qa5 25. Rd7 e5 26. Bd2 Bc6 27. Rd6 Qc7 28. Bc1 Be7 29. R6d2 Qa5 30. Nd5 Bxd5 31. Rxd5 Qxa4 32. Qxe5 Bf6 33. Qd6 Qxc2 34. e5 Rbd8 35. Qxd8 Bxd8 36. Rxd8 Kg8 37. Bg5 f6 38. exf6 gxf6 39. Bxf6 0-1

[Event "BRA-ch U14 Girls"]
[Site "Florianopolis"]
[Date "2019.04.18"]
[Round "1"]
[White "Mendes, Ana Beatriz Dias Gu"]
[Black "Zotti, Ana Beatriz"]
[Result "1/2-1/2"]
[WhiteElo "1318"]
[BlackElo "1790"]
[PlyCount "38"]
[EventDate "2019.04.18"]
[EventType "swiss"]
[EventRounds "6"]
[EventCountry "BRA"]
[SourceTitle "CBM 190 Extra"]
[Source "ChessBase"]
[SourceDate "2019.07.15"]
[SourceVersion "1"]
[SourceVersionDate "2019.07.15"]
[SourceQuality "1"]

1. e4 Nf6 2. Nc3 d6 3. d4 g6 4. Nf3 Bg7 5. Bc4 Bg4 6. h3 Bxf3 7. Qxf3 Nbd7 8. Be3 Rc8 9. g4 e6 10. g5 Ng8 11. h4 Ne7 12. h5 Rf8 13. hxg6 hxg6 14. Rh7 Rg8 15. 0-0-0 Nf8 16. Rh4 Nc6 17. Rf4 Qe7 18. Bb5 a6 19. Bxc6+ bxc6 1/2-1/2

[Event "BRA-ch U12 Girls"]
[Site "Florianopolis"]
[Date "2018.04.29"]
[Round "3"]
[White "Taninaga, Isabella Miki Nakam"]
[Black "Mendes, Ana Beatriz Dias Gu"]
[Result "1-0"]
[WhiteElo "1324"]
[BlackElo "1225"]
[PlyCount "79"]
[EventDate "2018.04.28"]
[EventType "swiss"]
[EventRounds "6"]
[EventCountry "BRA"]
[SourceTitle "EXT 2021"]
[Source "ChessBase"]
[SourceDate "2020.10.23"]
[SourceVersion "1"]
[SourceVersionDate "2020.10.23"]
[SourceQuality "1"]

1. e4 e5 2. d4 exd4 3. Bc4 Nc6 4. Nf3 Bc5 5. c3 dxc3 6. Bxf7+ Kf8 7. Nxc3 Qe7 8. Bd5 h6 9. 0-0 d6 10. Qe2 Bg4 11. h3 Nd4 12. Qd3 Bxf3 13. gxf3 c6 14. Bb3 Qf6 15. Bd1 Ne7 16. Kh1 Ng6 17. Rg1 Ne5 18. Qf1 Ndxf3 19. Bxf3 Qxf3+ 20. Qg2 Qxg2+ 21. Rxg2 Nd3 22. f3 Ne1 23. Rg3 h5 24. Bd2 Nd3 25. b3 h4 26. Rg2 Ne5 27. Rg5 Nf7 28. Rg6 Bd4 29. Rd1 Bf6 30. Ne2 Ne5 31. Rg2 Rd8 32. f4 Nf7 33. Be3 b6 34. Nd4 Bxd4 35. Bxd4 Rh7 36. Rdg1 Re8 37. Bxg7+ Ke7 38. Bc3 Nd8 39. e5 dxe5 40. Bxe5 1-0

[Event "Florianopolis op 4th"]
[Site "Florianopolis"]
[Date "2018.01.22"]
[Round "5"]
[White "Born, Ary"]
[Black "Mendes, Ana Beatriz Dias Gu"]
[Result "0-1"]
[WhiteElo "1428"]
[BlackElo "1193"]
[PlyCount "106"]
[EventDate "2018.01.19"]
[EventType "swiss"]
[EventRounds "10"]
[EventCountry "BRA"]
[SourceTitle "EXT 2019"]
[Source "ChessBase"]
[SourceDate "2018.10.10"]
[SourceVersion "1"]
[SourceVersionDate "2018.10.10"]
[SourceQuality "1"]

1. e4 e5 2. Nf3 Nc6 3. Bc4 Bc5 4. c3 Nf6 5. d4 Bb6 6. Ng5 d5 7. Bb3 exd4 8. exd5 Na5 9. Ba4+ Bd7 10. cxd4 Qe7+ 11. Ne6 fxe6 12. Bxd7+ Qxd7 13. dxe6 Qxe6+ 14. Qe2 Qxe2+ 15. Kxe2 0-0 16. Rd1 Rad8 17. b3 Rxd4 18. Be3 Rxd1 19. Kxd1 Bxe3 20. fxe3 Ng4 21. Nc3 Nxe3+ 22. Kd2 Nxg2 23. Nb5 c6 24. Nd4 Rf2+ 25. Ne2 Nf4 26. Ke3 Rxe2+ 27. Kxf4 Rxh2 28. Ke5 Rd2 29. a4 Nxb3 30. Rb1 Na5 31. Ke6 h5 32. Rf1 Re2+ 33. Kf5 c5 34. Rg1 c4 35. Kg6 h4 36. Rd1 Re6+ 37. Kf5 Rf6+ 38. Kg5 h3 39. Rh1 Rh6 40. Rh2 c3 41. Kg4 c2 42. Rxc2 h2 43. Rc8+ Kh7 44. Rc7 h1Q 45. Kf5 Qd5+ 46. Kf4 Rh4+ 47. Kg3 Qg5+ 48. Kf3 Qf4+ 49. Ke2 Rh2+ 50. Kd3 Rh3+ 51. Kc2 Qf2+ 52. Kb1 Rh2 53. Rxg7+ Kxg7 0-1

[Event "Florianopolis op 4th"]
[Site "Florianopolis"]
[Date "2018.01.20"]
[Round "3"]
[White "Albiero, Marco Antonio Batis"]
[Black "Mendes, Ana Beatriz Dias Gu"]
[Result "1-0"]
[WhiteElo "1470"]
[BlackElo "1193"]
[PlyCount "95"]
[EventDate "2018.01.19"]
[EventType "swiss"]
[EventRounds "10"]
[EventCountry "BRA"]
[SourceTitle "CBM 182 Extra"]
[Source "ChessBase"]
[SourceDate "2018.02.23"]
[SourceVersion "1"]
[SourceVersionDate "2018.02.23"]
[SourceQuality "1"]

1. e4 e5 2. Nf3 Nc6 3. Bc4 Bc5 4. d3 d6 5. h3 h6 6. Be3 Bb6 7. Nbd2 Nf6 8. Nf1 Bd7 9. Ng3 0-0 10. 0-0 Ne7 11. d4 d5 12. exd5 Nfxd5 13. Nxe5 Kh8 14. Qd2 Kh7 15. Kh1 Be6 16. Bb3 Nf6 17. c3 Bxb3 18. axb3 Ng6 19. Rad1 Re8 20. Qd3 Re7 21. h4 Kg8 22. Nxg6 fxg6 23. Qxg6 Qe8 24. Qxe8+ Rexe8 25. Rfe1 Rad8 26. Bd2 Rf8 27. Kg1 Rf7 28. Re2 Rfd7 29. b4 a5 30. bxa5 Bxa5 31. Nf1 Rd5 32. Re3 Bb6 33. Re6 R8d7 34. Rde1 Rf7 35. R1e3 c6 36. Re7 Kf8 37. Rxf7+ Kxf7 38. b4 Rf5 39. Ng3 Rd5 40. Rf3 Kg8 41. Re3 Kf7 42. Ne4 Ng8 43. Rf3+ Ke7 44. g4 Bd8 45. Nc5 b6 46. Re3+ Kf8 47. Ne6+ Ke7 48. Nf4+ 1-0

[Event "BRA-ch U12 Girls"]
[Site "Brasilia"]
[Date "2017.04.23"]
[Round "6"]
[White "Mendes, Ana Beatriz Dias Gu"]
[Black "Cassou, Camile Bastos Vaz"]
[Result "1-0"]
[WhiteElo "1208"]
[BlackElo "1733"]
[PlyCount "117"]
[EventDate "2017.04.21"]
[EventType "swiss"]
[EventRounds "6"]
[EventCountry "BRA"]
[SourceTitle "CBM 177 Extra"]
[Source "ChessBase"]
[SourceDate "2017.04.27"]
[SourceVersion "1"]
[SourceVersionDate "2017.04.27"]
[SourceQuality "1"]

1. e4 e5 2. Nf3 Nc6 3. d4 exd4 4. Nxd4 Nxd4 5. Qxd4 d6 6. Bc4 Qf6 7. Qd3 Ne7 8. Nc3 Ng6 9. Nd5 Qd8 10. Qc3 Be6 11. Bb3 Qd7 12. Nxc7+ Kd8 13. Nxa8 d5 14. Qc7+ Qxc7 15. Nxc7 Kxc7 16. exd5 Bf5 17. Be3 b6 18. 0-0-0 Kd6 19. Rhe1 Nh4 20. Bf4+ Kd7 21. Ba4+ Kc8 22. Re8+ Kb7 23. Bg3 Ng6 24. d6 h6 25. d7 Be7 26. Rxh8 Nxh8 27. d8Q Bxd8 28. Rxd8 Ng6 29. Bd7 Be4 30. Bc8+ Kc6 31. Rd6+ Kc5 32. f3 Bd5 33. Rd7 a5 34. Rc7+ Kd4 35. Rd7 Kc5 36. Bb7 Be6 37. Rc7+ Kd4 38. Bf2+ Ke5 39. Bxb6 Nf4 40. Bxa5 g6 41. Bc8 Bd5 42. b3 Nxg2 43. c4 Bxf3 44. Bb7 Bxb7 45. Rxb7 f5 46. Rd7 Nf4 47. c5 Ne2+ 48. Kd2 Nd4 49. Bc3 f4 50. Bxd4+ Kf5 51. c6 g5 52. c7 Kg4 53. c8Q Kf3 54. Bg7 h5 55. Rd3+ Kf2 56. Qh3 h4 57. Qf3+ Kg1 58. Bd4+ Kxh2 59. Qh3# 1-0